[Event "HUN-chT2 Toth 2223"]
[Site "Hungary"]
[Date "2022.11.20"]
[Round "3.7"]
[White "Fabian, Istvan"]
[Black "Cretu, Sorin Alexandru"]
[Result "1-0"]
[WhiteElo "1697"]
[BlackElo "1793"]
[PlyCount "96"]
[EventDate "2022.10.16"]
[EventType "team-tourn"]
[EventRounds "11"]
[EventCountry "HUN"]
[SourceTitle "EXT 2025"]
[Source "ChessBase"]
[SourceDate "2024.10.14"]
[SourceVersion "1"]
[SourceVersionDate "2024.10.14"]
[SourceQuality "1"]
[WhiteTeam "Meritum II"]
[BlackTeam "Gyula"]
[WhiteTeamCountry "HUN"]
[BlackTeamCountry "HUN"]

1. Nf3 c5 2. c4 Nf6 3. b3 e6 4. Bb2 Be7 5. g3 Nc6 6. Bg2 Rb8 7. 0-0 0-0 8. d4 d5 9. cxd5 Qxd5 10. Ne5 Qd6 11. Nxc6 bxc6 12. Ba3 Qc7 13. Bxc5 Bxc5 14. dxc5 Qe5 15. Nd2 Qxc5 16. Qc1 Qb5 17. Qxc6 Qxe2 18. Ne4 Bb7 19. Nxf6+ gxf6 20. Qc5 Bxg2 21. Kxg2 f5 22. Qxa7 Ra8 23. Qe3 Rxa2 24. Qxe2 Rxe2 25. b4 Rb8 26. Rfb1 Re5 27. f4 Rd5 28. Ra7 Rbb5 29. Rc1 Rd2+ 30. Kh3 Rd8 31. Rcc7 Rf8 32. Rab7 Rxb7 33. Rxb7 Kg7 34. b5 Kg6 35. b6 f6 36. Re7 e5 37. fxe5 fxe5 38. Rxe5 Rb8 39. Rb5 Rb7 40. Kg2 Kf6 41. Kf3 h6 42. Kf4 Ke6 43. h3 Kd7 44. Kxf5 Kc6 45. Rb3 h5 46. Kg5 Rb8 47. b7 Kc7 48. Kxh5 Rh8+ 1-0

[Event "HUN-chT2 Toth 2122"]
[Site "Hungary"]
[Date "2022.01.30"]
[Round "5.7"]
[White "Cretu, Sorin Alexandru"]
[Black "Berta, Gergely"]
[Result "0-1"]
[WhiteElo "1800"]
[BlackElo "1987"]
[PlyCount "134"]
[EventDate "2021.10.10"]
[EventType "team-tourn"]
[EventRounds "9"]
[EventCountry "HUN"]
[SourceTitle "EXT 2025"]
[Source "ChessBase"]
[SourceDate "2024.10.14"]
[SourceVersion "1"]
[SourceVersionDate "2024.10.14"]
[SourceQuality "1"]
[WhiteTeam "Gyula"]
[BlackTeam "Oroshaza SE"]
[WhiteTeamCountry "HUN"]
[BlackTeamCountry "HUN"]

1. e4 e5 2. Nf3 Nc6 3. Bc4 Bc5 4. c3 Nf6 5. d3 d6 6. 0-0 0-0 7. a4 a6 8. Re1 Bg4 9. h3 Bh5 10. Nbd2 Ba7 11. Nf1 Bg6 12. Ng3 h6 13. Nh4 Kh7 14. Nhf5 Ne7 15. Be3 Bxe3 16. Nxe3 c6 17. Qf3 d5 18. Ba2 d4 19. Nc4 dxc3 20. bxc3 Qc7 21. h4 b5 22. Ne3 Kh8 23. Nef5 Rad8 24. Nxh6 Qd6 25. Nhf5 Bxf5 26. Nxf5 Nxf5 27. Qxf5 g6 28. Qf3 Kg7 29. axb5 axb5 30. Bb1 Qc5 31. Rc1 b4 32. Ba2 bxc3 33. Bc4 Nh5 34. Rxc3 Qd4 35. Rca3 Rd6 36. Ra7 Rf6 37. Qe3 Nf4 38. Qxd4 Ne2+ 39. Kf1 Nxd4 40. Re7 Nc2 41. Ra6 Rb8 42. f3 Rb2 43. Raa7 Ne3+ 44. Kg1 Nxg2 45. Rxf7+ Rxf7 46. Rxf7+ Kh6 47. Be6 Nxh4 48. Bh3 Kg5 49. Bg4 Ng2 50. Bh3 Nf4 51. Bf1 Kh4 52. d4 Kg3 53. dxe5 Rb1 54. Rxf4 Kxf4 55. e6 Kxf3 56. e7 Rb8 57. Bg2+ Kf4 58. e5 Re8 59. Bxc6 Rxe7 60. Kf2 Rxe5 61. Bg2 Ra5 62. Bb7 Ra2+ 63. Kf1 g5 64. Bd5 Rb2 65. Bc6 Kg3 66. Be4 g4 67. Bd5 Kh2 0-1

[Event "HUN-chT2 Toth 1516"]
[Site "Hungary"]
[Date "2016.02.14"]
[Round "7.7"]
[White "Cretu, Sorin Alexandru"]
[Black "Tornyai, Jeno"]
[Result "0-1"]
[WhiteElo "1929"]
[BlackElo "1931"]
[PlyCount "81"]
[EventDate "2015.09.13"]
[EventType "team-tourn"]
[EventRounds "11"]
[EventCountry "HUN"]
[SourceTitle "EXT 2017"]
[Source "ChessBase"]
[SourceDate "2016.10.25"]
[SourceVersion "1"]
[SourceVersionDate "2016.10.25"]
[SourceQuality "1"]
[WhiteTeam "Gyula"]
[BlackTeam "Maroczy II"]
[WhiteTeamCountry "HUN"]
[BlackTeamCountry "HUN"]

1. e4 d5 2. exd5 Nf6 3. d4 Nxd5 4. c4 Nb6 5. Nf3 Bg4 6. Be3 e5 7. Be2 Bb4+ 8. Nc3 exd4 9. Bxd4 0-0 10. Bxb6 axb6 11. Qc2 Nc6 12. Rd1 Qf6 13. 0-0 Bxf3 14. Bxf3 Nd4 15. Qe4 Nxf3+ 16. gxf3 Bxc3 17. bxc3 Ra5 18. Rd4 Rf5 19. f4 c5 20. Rd3 Rxf4 21. Qxb7 h5 22. Qd5 h4 23. f3 Re8 24. Rfd1 h3 25. Kf1 Qe7 26. R3d2 Qe3 27. Rf2 Qxc3 28. Qd7 Qxc4+ 29. Kg1 Re6 30. Kh1 Rd4 31. Qc8+ Kh7 32. Rg1 Rh4 33. Qf8 Rg6 34. Rgf1 Rg2 35. Rg1 Rxg1+ 36. Kxg1 Qc1+ 37. Rf1 Qg5+ 38. Kf2 Qg2+ 39. Ke1 Rd4 40. Rf2 Qg1+ 41. Ke2 0-1

[Event "HUN-chT2 Toth 1516"]
[Site "Hungary"]
[Date "2015.09.26"]
[Round "2.6"]
[White "Kovacs Cs, Laszlo"]
[Black "Cretu, Sorin Alexandru"]
[Result "0-1"]
[WhiteElo "1893"]
[BlackElo "1929"]
[PlyCount "94"]
[EventDate "2015.09.13"]
[EventType "team-tourn"]
[EventRounds "11"]
[EventCountry "HUN"]
[SourceTitle "CBM 170 Extra"]
[Source "ChessBase"]
[SourceDate "2016.02.25"]
[SourceVersion "1"]
[SourceVersionDate "2016.02.25"]
[SourceQuality "1"]
[WhiteTeam "Felegyhaza Csongrad"]
[BlackTeam "Gyula"]
[WhiteTeamCountry "HUN"]
[BlackTeamCountry "HUN"]

1. Nf3 c5 2. g3 d5 3. Bg2 Nc6 4. d3 Nf6 5. Bg5 e5 6. Nbd2 h6 7. Bxf6 Qxf6 8. c3 Be6 9. e4 Qd8 10. 0-0 dxe4 11. dxe4 Qc7 12. Qc2 Be7 13. a3 0-0 14. b4 a6 15. Rfd1 Rfd8 16. Nb3 c4 17. Nbd2 b5 18. Nf1 Rxd1 19. Rxd1 Rd8 20. Ne3 Bf8 21. h4 Rd7 22. a4 Qd8 23. a5 Bd6 24. Kh2 Bb8 25. Bh3 Bxh3 26. Kxh3 Ne7 27. Kg2 f6 28. Rxd7 Qxd7 29. Qd2 Qxd2 30. Nxd2 Kf7 31. Nf5 h5 32. Nxe7 Kxe7 33. Nf1 Ke6 34. Ne3 g6 35. Nd5 f5 36. f3 Kd6 37. Kh3 Ba7 38. g4 hxg4+ 39. Kg3 gxf3 40. Kxf3 fxe4+ 41. Kxe4 Bf2 42. Nf6 Bxh4 43. Ne8+ Kd7 44. Ng7 Be1 45. Kd5 Bxc3 46. Ne6 Bxb4 47. Kxe5 c3 0-1

[Event "HUN-chT2 Toth 1516"]
[Site "Hungary"]
[Date "2015.09.13"]
[Round "1.10"]
[White "Cretu, Sorin Alexandru"]
[Black "Muhari, Gabor"]
[Result "1-0"]
[WhiteElo "1929"]
[BlackElo "1927"]
[PlyCount "94"]
[EventDate "2015.09.13"]
[EventType "team-tourn"]
[EventRounds "11"]
[EventCountry "HUN"]
[SourceTitle "CBM 170 Extra"]
[Source "ChessBase"]
[SourceDate "2016.02.25"]
[SourceVersion "1"]
[SourceVersionDate "2016.02.25"]
[SourceQuality "1"]
[WhiteTeam "Gyula"]
[BlackTeam "Ujszasz"]
[WhiteTeamCountry "HUN"]
[BlackTeamCountry "HUN"]

1. e4 c5 2. Nf3 Nc6 3. d4 cxd4 4. Nxd4 Nf6 5. Nc3 d6 6. Be2 g6 7. Be3 Bg7 8. 0-0 0-0 9. h3 a6 10. Qd2 Nxd4 11. Bxd4 b5 12. a3 Bb7 13. Bf3 e6 14. Bxf6 Bxf6 15. e5 Bxf3 16. exf6 Bb7 17. Qf4 Rc8 18. Rad1 Rc4 19. Qg5 h6 20. Qxh6 Qxf6 21. Rxd6 Rh4 22. Qe3 Kg7 23. Rfd1 Rfh8 24. R1d4 R4h5 25. Rf4 Qe7 26. Rfd4 Qf6 27. Rf4 Qe7 28. Rfd4 Qf6 29. Ne4 Bxe4 30. Qxe4 Re5 31. Qf4 Qf5 32. Qd2 a5 33. Ra6 a4 34. Rb6 Rc8 35. c3 Rcc5 36. Rb7 Red5 37. Rd7 Rxd7 38. Rxd7 e5 39. Rd5 Rxd5 40. Qxd5 e4 41. Qd4+ f6 42. g4 Qe6 43. Kg2 g5 44. Kg3 Kg6 45. f3 e3 46. Qe4+ Kf7 47. Kg2 Kg7 1-0

[Event "HUN-chT2 Toth 1415"]
[Site "Hungary"]
[Date "2015.03.01"]
[Round "9.6"]
[White "Hajagos, Janos"]
[Black "Cretu, Sorin Alexandru"]
[Result "0-1"]
[WhiteElo "2002"]
[BlackElo "1960"]
[PlyCount "76"]
[EventDate "2014.09.07"]
[EventType "team-tourn"]
[EventRounds "11"]
[EventCountry "HUN"]
[SourceTitle "EXT 2016"]
[Source "ChessBase"]
[SourceDate "2015.10.08"]
[SourceVersion "1"]
[SourceVersionDate "2015.10.08"]
[SourceQuality "1"]
[WhiteTeam "Takisz"]
[BlackTeam "Gyula"]
[WhiteTeamCountry "HUN"]
[BlackTeamCountry "HUN"]

1. e4 c5 2. Nc3 a6 3. f4 e6 4. Nf3 b5 5. a4 b4 6. Ne2 Bb7 7. Ng3 Nf6 8. d3 d5 9. e5 Ng4 10. h3 Nh6 11. Be2 g6 12. 0-0 Nc6 13. c3 d4 14. Ne4 Be7 15. c4 Nf5 16. Qe1 Na5 17. g4 Nb3 18. gxf5 gxf5 19. Ned2 Nxa1 20. Qd1 Rg8+ 21. Kh2 b3 22. Rg1 Kd7 23. Nxb3 Nxb3 24. Qxb3 Rb8 25. Qd1 Qb6 26. Ng5 Bxg5 27. fxg5 Qc6 28. Bh5 Ke7 29. b3 Qc7 30. Bf4 Ba8 31. Qc2 Qb7 32. Bd1 h6 33. Qd2 hxg5 34. Bxg5+ Kd7 35. h4 Qc7 36. Qf4 Qa5 37. h5 Qc3 38. Qf1 Rxg5 0-1

[Event "HUN-chT2 Toth 1415"]
[Site "Hungary"]
[Date "2015.01.25"]
[Round "7.6"]
[White "Monus, Zoltan"]
[Black "Cretu, Sorin Alexandru"]
[Result "1-0"]
[WhiteElo "2005"]
[BlackElo "1960"]
[PlyCount "61"]
[EventDate "2014.09.07"]
[EventType "team-tourn"]
[EventRounds "11"]
[EventCountry "HUN"]
[SourceTitle "EXT 2016"]
[Source "ChessBase"]
[SourceDate "2015.10.08"]
[SourceVersion "1"]
[SourceVersionDate "2015.10.08"]
[SourceQuality "1"]
[WhiteTeam "Oroshaza"]
[BlackTeam "Gyula"]
[WhiteTeamCountry "HUN"]
[BlackTeamCountry "HUN"]

1. e4 c5 2. Nf3 d6 3. c3 Nc6 4. h3 Nf6 5. Bd3 a6 6. Bc2 e6 7. 0-0 c4 8. Qe2 b5 9. b3 Na5 10. b4 Nc6 11. a4 Na7 12. axb5 axb5 13. d3 Qc7 14. dxc4 Bd7 15. Be3 bxc4 16. Nbd2 d5 17. exd5 Nxd5 18. Qxc4 Qxc4 19. Nxc4 Rc8 20. Rxa7 Rxc4 21. Ne5 Rxc3 22. Ra8+ Rc8 23. Rxc8+ Bxc8 24. Ba4+ Ke7 25. Rc1 Bb7 26. Bc5+ Kf6 27. Nd7+ Kg5 28. Nxf8 Nf4 29. Be7+ f6 30. Rc5+ Bd5 31. Nxe6+ 1-0

[Event "HUN-chT2 Toth 1314"]
[Site "Hungary"]
[Date "2014.04.27"]
[Round "11.7"]
[White "Tanacs, Istvan"]
[Black "Cretu, Sorin Alexandru"]
[Result "0-1"]
[WhiteElo "1606"]
[BlackElo "1909"]
[PlyCount "80"]
[EventDate "2013.09.08"]
[EventType "team-tourn"]
[EventRounds "11"]
[EventCountry "HUN"]
[SourceTitle "EXT 2016"]
[Source "ChessBase"]
[SourceDate "2015.10.08"]
[SourceVersion "1"]
[SourceVersionDate "2015.10.08"]
[SourceQuality "1"]
[WhiteTeam "Csongrad Felegyhaza"]
[BlackTeam "Gyula"]
[WhiteTeamCountry "HUN"]
[BlackTeamCountry "HUN"]

1. b4 e5 2. Bb2 d6 3. c4 Be6 4. e3 Nd7 5. Be2 Be7 6. d4 Ngf6 7. d5 Bf5 8. Nc3 c5 9. b5 h6 10. Nf3 0-0 11. 0-0 Ne4 12. Nxe4 Bxe4 13. Bd3 Bxf3 14. Qxf3 Bg5 15. Qh3 Qe7 16. f4 Bf6 17. Qf5 g6 18. Qh3 e4 19. Bxf6 Nxf6 20. Be2 Kg7 21. Rf2 Nh7 22. g3 f5 23. g4 Nf6 24. gxf5 gxf5 25. Qxf5 Kh8 26. Qh3 Rg8+ 27. Kh1 Qg7 28. Rg2 Qh7 29. Rag1 Raf8 30. Qe6 Rxg2 31. Rxg2 Qc7 32. Rg6 Qd8 33. Rxh6+ Kg7 34. Qh3 Qa5 35. Kg2 Qe1 36. Rh4 Qxe2+ 37. Kh1 Qe1+ 38. Kg2 Rg8 39. Qg3+ Kf8 40. Kh3 Qf1+ 0-1

[Event "HUN-chT2 Toth 1314"]
[Site "Hungary"]
[Date "2014.03.23"]
[Round "9.8"]
[White "Szilassi, Abel"]
[Black "Cretu, Sorin Alexandru"]
[Result "1/2-1/2"]
[WhiteElo "1866"]
[BlackElo "1909"]
[PlyCount "66"]
[EventDate "2013.09.08"]
[EventType "team-tourn"]
[EventRounds "11"]
[EventCountry "HUN"]
[SourceTitle "EXT 2016"]
[Source "ChessBase"]
[SourceDate "2015.10.08"]
[SourceVersion "1"]
[SourceVersionDate "2015.10.08"]
[SourceQuality "1"]
[WhiteTeam "Szeged Maroczy II"]
[BlackTeam "Gyula"]
[WhiteTeamCountry "HUN"]
[BlackTeamCountry "HUN"]

1. e4 c5 2. Nf3 d6 3. d4 cxd4 4. Nxd4 Nf6 5. Nc3 a6 6. Bc4 e6 7. Bb3 Be7 8. 0-0 0-0 9. f4 Qc7 10. Qf3 b5 11. e5 Bb7 12. Qg3 Nfd7 13. Bxe6 dxe5 14. Nf5 Bc5+ 15. Kh1 g6 16. Nh6+ Kg7 17. Nxf7 Rxf7 18. Bxf7 Kxf7 19. fxe5+ Kg8 20. Bf4 Qc6 21. e6 Nf6 22. Bxb8 Nh5 23. Qg4 Rxb8 24. Rae1 Rf8 25. Rxf8+ Kxf8 26. Qg5 Be7 27. Qh6+ Kg8 28. Re2 Nf6 29. Qf4 Kg7 30. Qd4 Kh6 31. Qh4+ Kg7 32. Qd4 Kh6 33. Qh4+ Kg7 1/2-1/2

[Event "HUN-chT2 Toth 1314"]
[Site "Hungary"]
[Date "2014.03.02"]
[Round "8.7"]
[White "Mocza, Attila"]
[Black "Cretu, Sorin Alexandru"]
[Result "1-0"]
[WhiteElo "1928"]
[BlackElo "1909"]
[PlyCount "57"]
[EventDate "2013.09.08"]
[EventType "team-tourn"]
[EventRounds "11"]
[EventCountry "HUN"]
[SourceTitle "EXT 2016"]
[Source "ChessBase"]
[SourceDate "2015.10.08"]
[SourceVersion "1"]
[SourceVersionDate "2015.10.08"]
[SourceQuality "1"]
[WhiteTeam "Toth Laszlo II"]
[BlackTeam "Gyula"]
[WhiteTeamCountry "HUN"]
[BlackTeamCountry "HUN"]

1. e4 c5 2. Nf3 d6 3. d4 cxd4 4. Nxd4 Nf6 5. Nc3 a6 6. Bg5 e6 7. f4 Nbd7 8. Qf3 Qc7 9. 0-0-0 b5 10. g4 Bb7 11. Bxf6 gxf6 12. Bg2 Rc8 13. Qe2 Bh6 14. Rhf1 e5 15. Nf5 Bxf4+ 16. Rxf4 exf4 17. Nxd6+ Kf8 18. Nxc8 Qxc8 19. Qd2 Ne5 20. Qxf4 Kg7 21. g5 Re8 22. gxf6+ Kh8 23. Qg5 Ng6 24. Qh6 Rg8 25. Bh3 Qe8 26. Bf5 Bc8 27. Rd5 Bxf5 28. Rxf5 b4 29. Qxh7+ 1-0

[Event "HUN-chT2 Toth 1314"]
[Site "Hungary"]
[Date "2013.11.17"]
[Round "5.8"]
[White "Moczo, Istvan"]
[Black "Cretu, Sorin Alexandru"]
[Result "1/2-1/2"]
[WhiteElo "1936"]
[BlackElo "1909"]
[PlyCount "59"]
[EventDate "2013.09.08"]
[EventType "team-tourn"]
[EventRounds "11"]
[EventCountry "HUN"]
[SourceTitle "EXT 2016"]
[Source "ChessBase"]
[SourceDate "2015.10.08"]
[SourceVersion "1"]
[SourceVersionDate "2015.10.08"]
[SourceQuality "1"]
[WhiteTeam "Kecskemet Takisz"]
[BlackTeam "Gyula"]
[WhiteTeamCountry "HUN"]
[BlackTeamCountry "HUN"]

1. d4 Nf6 2. c4 e6 3. Nc3 Bb4 4. a3 Bxc3+ 5. bxc3 c5 6. Nf3 0-0 7. e3 b6 8. Bd3 Qc7 9. 0-0 Ba6 10. Qe2 d6 11. d5 e5 12. e4 Nbd7 13. Nh4 Rfe8 14. Nf5 Bc8 15. g4 Nf8 16. Bg5 Ng6 17. Qf3 Bxf5 18. gxf5 Nf4 19. Bxf4 exf4 20. Qxf4 Qe7 21. f3 Nd7 22. Be2 g5 23. fxg6 fxg6 24. Kh1 Rf8 25. Qg3 Nf6 26. Rg1 Nh5 27. Qg5 Qg7 28. Rac1 Rae8 29. Rg4 Re5 30. Qd2 1/2-1/2

[Event "HUN-chT2 Toth 1314"]
[Site "Hungary"]
[Date "2013.09.08"]
[Round "1.7"]
[White "Cretu, Sorin Alexandru"]
[Black "Radics, Laszlo2"]
[Result "1/2-1/2"]
[WhiteElo "1909"]
[BlackElo "1971"]
[PlyCount "60"]
[EventDate "2013.09.08"]
[EventType "team-tourn"]
[EventRounds "11"]
[EventCountry "HUN"]
[SourceTitle "EXT 2016"]
[Source "ChessBase"]
[SourceDate "2015.10.08"]
[SourceVersion "1"]
[SourceVersionDate "2015.10.08"]
[SourceQuality "1"]
[WhiteTeam "Gyula"]
[BlackTeam "Szentes"]
[WhiteTeamCountry "HUN"]
[BlackTeamCountry "HUN"]

1. e4 e6 2. d4 d5 3. exd5 exd5 4. Nf3 Nf6 5. Bd3 Bd6 6. 0-0 0-0 7. Re1 Bg4 8. Nbd2 c6 9. h3 Bh5 10. Nf1 Re8 11. Rxe8+ Qxe8 12. Ng3 Bxg3 13. fxg3 Nbd7 14. Bf4 Bg6 15. Qf1 Qf8 16. c3 Bxd3 17. Qxd3 Ne4 18. Ne5 Nxe5 19. Bxe5 f6 20. Rf1 Qe7 21. Bf4 Re8 22. g4 b5 23. a3 a5 24. Bc1 a4 25. Rf5 Nd6 26. Rf1 Qe2 27. Qxe2 Rxe2 28. Rf2 Re1+ 29. Rf1 Re2 30. Rf2 Re1+ 1/2-1/2